00466nam a2200181 a 4500001001300000003000900013005001700022008004100039020002300080082001600103100002100119245002900140260003600169300001000205500003500215650001300250700002100263nice12345678IN_TiNIC20260116014117.0140902s2006 dela grp 000 0 abk  a9788122204247c16000a294.5bRAD3 aRadhakrishnan, S aIndian Religious Thought aDelhibOrient Paperbacks c2006 a160p  aincludes index and biblioraphy aHinduism1 aRadhakrishnan, S